Statystyki dla Lech Poznań, jesień 2019/2020

Kliknij tutaj aby rozwiązać quiz!

Ogólne statystyki

  • Ten quiz został rozwiązany 335 razy
  • Średni wynik to 18 z 29

Statystyki odpowiedzi

PozycjaImię i nazwisko% Poprawnych
BramkarzMickey van der Hart
90%
PomocnikKamil Jóźwiak
86%
ObrońcaTymoteusz Puchacz
85%
NapastnikChristian Gytkjaer
84%
ObrońcaRobert Gumny
82%
PomocnikPedro Tiba
81%
ObrońcaThomas Rogne
78%
PomocnikDarko Jevtic
73%
PomocnikJoao Amaral
72%
NapastnikPaweł Tomczyk
72%
PomocnikFilip Marchwiński
71%
PomocnikJakub Moder
71%
BramkarzMiłosz Mleczko
70%
PomocnikKarlo Muhar
68%
ObrońcaVolodymyr Kostevych
68%
ObrońcaLubomir Satka
66%
ObrońcaDjordje Crnomarković
62%
PomocnikJakub Kamiński
59%
BramkarzKarol Szymański
52%
PomocnikMaciej Makuszewski
52%
PomocnikTymoteusz Klupś
52%
ObrońcaTomasz Dejewski
51%
PomocnikMateusz Skrzypczak
44%
PomocnikTomasz Cywka
42%
NapastnikTimur Zhamaletdinov
41%
NapastnikFilip Szymczak
38%
BramkarzKrzysztof Bąkowski
34%
PomocnikJuliusz Letniowski
32%
ObrońcaWiktor Pleśnierowicz
23%

Rozkład punktacji

Percentyl według liczby udzielonych odpowiedzi

Procent ludzi z każdym wynikiem

Twoja historia wyników

Nie rozwiązałeś tego quizu